000
00303nam a2200109Ia 4500
008
190216s9999||||xx |||||||||||||| ||und||
100
_a
Maheswari S C
245
0
_a
Sample Test Papers In Botany For Medical Entrance Examination
260
_b
New Light Publishers
650
_a
Entrance Exam
942
_c
REF
999
_c
35871
_d
35871